00754nam a2200217 a 450000500170000000800410001701000140005802000260007203500130009803700150011104000180012608200100014410000230015424500820017726000380025930000300029750000510032752000580037865000550043665000450049120080616100023.0070814s2007 ii 001 0 eng  aENG-91546 a9788178298765c325.00 aEN-75079 bDBAD / PUB adplbEnglish  a658.5 aRao, Purba Halady  aGreening the supply chain:cby Purba Halady Raoba guide for Asian managers / aNew Delhi bResponse Books c2008 axviii, 251p.c23 cm (pbk) aIncludes bibliographical references and index  aContributed articles chiefly with reference to India. aBusiness logisticszAsiaxHandbooks, manuals, etc. aSocial responsibility of business zAsia